00149nam a2200061Ia 4500008004100000100002200041245002400063170817s9999 xx 000 0 und d aROBBINS P.STEPHEN 0aORGANIZATION THEORY